00710nam a22001937a 4500003000900000008004100009020001500050040007100065082001800136100002200154245014100176260003900317300002800356440001300384650003300397650002000430650002800450700003800478AR-CdUCM190228b ||||| |||| 00| 0 spa d a8401441617 aMUNICIPALIDAD PROVINCIAL DEL CUSCOcBIBLIOTECA MUNICIPAL DEL CUSCO a848.9 /bB45 aBernanos, Georges aDiálogos de las carmelitas :bbasado en una novela de Gertrud Von Le Fort y puesta en escena por R.P Bruckberger y Fhilippe Agostini / aBarcelona :bPlaza & Janes,c1976. a157 páginas ;c18 cm. aRotativa aTeatro histórico francés aTeatro siglo XX aRevolución, 1789-1799 aFuente, Ana M. de la (traductora)